00323nam a22001337a 4500082001500000100001900015245004500034250001100079260003600090300000800126650003100134942000700165999001700172 a491.53 PAU aPaul, Dr. S.C. aThe New Royal Persian-English Dictionary aIII ed aAllahabadbRam Narain Lalc1932 a512 aDictionary-Persian-English cBK c22331d22331